Antioxidačné a radikál-zhášajúce vlastnosti karotenoidov a biologicky aktívnych komplexných zlúčenín medi
Gespeichert in:
| 1. Verfasser: | |
|---|---|
| Format: | Buch |
| Sprache: | Slowakisch |
| Veröffentlicht: |
Bratislava
Fakulta chemickej a potravinárskej technológie STU
2007
|
| Schlagworte: | |
| Online-Zugang: | Im OPAC anzeigen |
| Tags: |
Keine Tags, Fügen Sie das erste Tag hinzu!
|
MARC
| LEADER | 00000nam a2200000 a 4500 | ||
|---|---|---|---|
| 005 | 20260127134110.0 | ||
| 008 | 080514 2007 xo 000 0 slo d | ||
| 035 | |a vtls009293920 | ||
| 039 | 9 | |a 200805200935 |b mschk02 |c 200805141005 |d mschk02 |y 200805141004 |z mschk02 | |
| 040 | |a STUSCHK1 |b slo |c STUSCHK1 |e AACR2 | ||
| 100 | 1 | |a Kleinová, Miroslava | |
| 245 | 1 | |a Antioxidačné a radikál-zhášajúce vlastnosti karotenoidov a biologicky aktívnych komplexných zlúčenín medi |c Miroslava Kleinová | |
| 260 | |a Bratislava |b Fakulta chemickej a potravinárskej technológie STU |c 2007 | ||
| 300 | |a 72 s. |b tab.,grafy, lit. + príloha | ||
| 500 | |a Ústav fyzikálnej chémie a chemickej fyziky, Odd. fyzikálnej chémie | ||
| 500 | |a Odbor: 14-04-9 fyzikálna chémia | ||
| 650 | 0 | |a biologické antioxidanty | |
| 650 | 0 | |a karotenoidy | |
| 650 | 0 | |a voľné radikály | |
| 910 | |a SCHK95 | ||
| 999 | |c 4032 |d 4032 | ||